[Event "FICS rated standard game"]
[Site "FICS freechess.org"]
[Date "2016.12.06"]
[Round "?"]
[White "GriffySr"]
[Black "Tosea"]
[Result "1-0"]
[WhiteElo "2144"]
[BlackElo "1913"]
[PlyCount "85"]
[EventDate "2016.??.??"]

1. e4 c5 2. Nf3 Nc6 3. Nc3 d6 4. d4 cxd4 5. Nxd4 Nf6 6. Be2 e5 7. Nf3 a6 8. O-O
Be7 9. Bc4 O-O 10. Be3 Be6 11. Bxe6 fxe6 12. Qd3 b5 13. Ng5 Qd7 14. f3 h6 15.
Nh3 Rac8 16. a3 d5 17. Rad1 d4 18. Ne2 Bc5 19. c3 Qa7 20. cxd4 exd4 21. Bf4 e5
22. Bd2 Kh7 23. b4 Bb6 24. Rc1 Ne7 25. f4 Ng6 26. f5 Ne7 27. Kh1 Qb7 28. Ng3
Ng4 29. Qe2 Ne3 30. Bxe3 dxe3 31. Rxc8 Rxc8 32. f6 Ng6 33. f7 Rf8 34. Ng5+ Kh8
35. Qd1 Nf4 36. Qd6 Qb8 37. Qxb8 Rxb8 38. Nf3 Bc7 39. Rc1 Rd8 40. Rxc7 Rd1+ 41.
Ng1 Nd3 42. f8=Q+ Kh7 43. Rxg7# 1-0

[Event "Tourn. n8945"]
[Site "www.chess-mail.com"]
[Date "2016.12.05"]
[Round "1"]
[White "Goofy"]
[Black "Tartan"]
[Result "1/2-1/2"]
[WhiteElo "2310"]
[BlackElo "2440"]
[PlyCount "53"]
[EventDate "2016.??.??"]

1. e4 c5 2. Nf3 Nc6 3. Nc3 d6 4. d4 cxd4 5. Nxd4 Nf6 6. Be2 e5 7. Nf3 Be7 8.
O-O O-O 9. h3 h6 10. Re1 Be6 11. Bf1 Nb8 12. b3 a6 13. a4 Nbd7 14. Bb2 Qc8 15.
Nd2 Qc7 16. Nc4 Nb6 17. Ne3 Rfc8 18. Rc1 Qc5 19. Qf3 Qa5 20. Nf5 Bxf5 21. exf5
Rc6 22. Ne4 Nxe4 23. Qxe4 Bg5 24. Rcd1 d5 25. Qg4 d4 26. Bd3 Nd7 27. Re2
1/2-1/2

[Event "CZE-chT1W 1617"]
[Site "Czech Republic"]
[Date "2016.12.04"]
[Round "4.6"]
[White "Rodshtein, Tereza"]
[Black "Vodicka, Vlastimil"]
[Result "0-1"]
[WhiteElo "2207"]
[BlackElo "2075"]
[PlyCount "76"]
[EventDate "2016.10.16"]
[EventType "team-tourn"]
[EventRounds "11"]
[EventCountry "CZE"]
[SourceTitle "OM OTB B 201907"]
[Source "Opening Master"]
[SourceDate "2019.07.06"]
[SourceVersion "2"]
[SourceVersionDate "2019.07.06"]
[SourceQuality "1"]
[WhiteTeam "Turnov"]
[BlackTeam "Vysehrad"]
[WhiteTeamCountry "CZE"]
[BlackTeamCountry "CZE"]

1. e4 c5 2. Nf3 d6 3. d4 cxd4 4. Nxd4 Nf6 5. Nc3 Nc6 6. Be2 e5 7. Nb3 Be7 8.
O-O O-O 9. Be3 Be6 10. Bf3 a5 11. Nd5 Bxd5 12. exd5 Nb4 13. a3 Na6 14. a4 Nd7
15. Be2 Nac5 16. Nxc5 Nxc5 17. Bc4 Kh8 18. Qh5 Rc8 19. b3 g6 20. Qe2 Bf6 21.
Rad1 Bg7 22. f4 f5 23. fxe5 Bxe5 24. Bd4 Bxd4+ 25. Rxd4 Re8 26. Qf2 Qf6 27. Bb5
Ne4 28. Qe3 Rc3 29. Rd3 Re7 30. Rxc3 Nxc3 31. Qd2 Qe5 32. Bc4 Kg7 33. Rf3 Ne4
34. Qe3 Qa1+ 35. Rf1 Qf6 36. Re1 f4 37. Qd3 Qe5 38. Qe2 Qd4+ 0-1

[Event "Oberliga Ost-B"]
[Site "Deutschland"]
[Date "2016.12.04"]
[Round "4.1"]
[White "Strache, Michael"]
[Black "Dubiel, Jacek"]
[Result "0-1"]
[WhiteElo "2310"]
[BlackElo "2423"]
[PlyCount "130"]
[EventDate "2016.10.16"]
[EventType "team-tourn"]
[EventRounds "11"]
[EventCountry "GER"]
[SourceTitle "OM OTB B 201907"]
[Source "Opening Master"]
[SourceDate "2019.07.06"]
[SourceVersion "2"]
[SourceVersionDate "2019.07.06"]
[SourceQuality "1"]
[WhiteTeam "Sangerhausen SV"]
[BlackTeam "Oberursel SV"]
[WhiteTeamCountry "GER"]
[BlackTeamCountry "GER"]

1. e4 c5 2. Nf3 d6 3. d4 cxd4 4. Nxd4 Nf6 5. Nc3 Nc6 6. Be2 e5 7. Nb3 Be7 8. g4
Be6 9. g5 Nd7 10. Nd5 O-O 11. Rg1 a5 12. a4 f5 13. gxf6 Nxf6 14. Nxf6+ Bxf6 15.
Be3 Rc8 16. c3 Qd7 17. Nd2 Qf7 18. Bg4 Bxg4 19. Rxg4 Kh8 20. Rg2 d5 21. exd5
Qxd5 22. Qf3 Qxf3 23. Nxf3 e4 24. Ng5 Ne5 25. Nxe4 Nd3+ 26. Kf1 Nxb2 27. Nxf6
Rxf6 28. Bd4 Rf7 29. Rg5 Nc4 30. Re1 Nd2+ 31. Kg2 Nf3 32. Ree5 h6 33. Rc5 Rcf8
34. Rg3 Nxd4 35. cxd4 Rxf2+ 36. Kh3 R8f4 37. Rc8+ Kh7 38. Rc7 Rf7 39. Rxf7 Rxf7
40. Rd3 Kg6 41. Kg3 Rf6 42. Rb3 b6 43. Rc3 Kf7 44. Rc7+ Ke6 45. Rxg7 Kd5 46.
Rg4 Kc4 47. h4 b5 48. h5 bxa4 49. d5+ Kb5 50. Rd4 a3 51. Rd2 Rd6 52. Kf4 a2 53.
Rd1 a1=Q 54. Rxa1 Rxd5 55. Kg4 a4 56. Rb1+ Ka5 57. Ra1 Rg5+ 58. Kh4 Rf5 59. Kg4
Rf6 60. Re1 a3 61. Re5+ Kb4 62. Re4+ Kb3 63. Re3+ Kb2 64. Re2+ Kc1 65. Re1+ Kd2
0-1

[Event "Oberliga Bayern 1617"]
[Site "Bayern"]
[Date "2016.12.04"]
[Round "3.1"]
[White "Heika, Martin"]
[Black "Maximov, Dmitry"]
[Result "1/2-1/2"]
[WhiteElo "2254"]
[BlackElo "2447"]
[PlyCount "82"]
[EventDate "2016.10.16"]
[EventType "team-tourn"]
[EventRounds "9"]
[EventCountry "GER"]
[SourceTitle "OM OTB B 201907"]
[Source "Opening Master"]
[SourceDate "2019.07.06"]
[SourceVersion "2"]
[SourceVersionDate "2019.07.06"]
[SourceQuality "1"]
[WhiteTeam "Kareth Lappersdorf"]
[BlackTeam "Nuernberg NT"]
[WhiteTeamCountry "GER"]
[BlackTeamCountry "GER"]

1. e4 c5 2. Nf3 d6 3. d4 cxd4 4. Nxd4 Nf6 5. Nc3 Nc6 6. Be2 e5 7. Nf3 h6 8. O-O
Be7 9. h3 O-O 10. Re1 Be6 11. Bf1 Nb8 12. b3 a6 13. Bb2 Nbd7 14. a4 Qc7 15. Nd5
Nxd5 16. exd5 Bf5 17. c4 Bf6 18. a5 Rfe8 19. b4 Bg6 20. Nd2 e4 21. Bxf6 Nxf6
22. Nb3 Re5 23. Qd4 Qe7 24. Re3 Nh5 25. Nd2 f5 26. c5 f4 27. cxd6 Qf6 28. Ree1
Rd8 29. Rac1 Qf5 30. Qb6 Rd7 31. Rc7 Nf6 32. Qxb7 f3 33. Rxd7 Nxd7 34. Rxe4
Rxe4 35. Nxe4 fxg2 36. Bxg2 Kh7 37. Nc5 Qb1+ 38. Kh2 Nxc5 39. Qc7 Qxb4 40. d7
Nxd7 41. Qxd7 Qf4+ 1/2-1/2

[Event "FICS rated standard game"]
[Site "FICS freechess.org"]
[Date "2016.12.03"]
[Round "?"]
[White "erbin"]
[Black "edl"]
[Result "1-0"]
[WhiteElo "2062"]
[BlackElo "2095"]
[PlyCount "65"]
[EventDate "2016.??.??"]

1. e4 c5 2. Nf3 Nc6 3. d4 cxd4 4. Nxd4 Nf6 5. Nc3 d6 6. Be2 e5 7. Nf3 h6 8. O-O
a6 9. Re1 Be6 10. Bf1 Be7 11. h3 O-O 12. Nd5 Bxd5 13. exd5 Nb8 14. c4 b6 15.
Be3 Nbd7 16. Nd2 Qc7 17. b4 a5 18. a3 axb4 19. axb4 Rfc8 20. Qb3 Qb7 21. Rec1
Rxa1 22. Rxa1 Ra8 23. Ra4 Ra7 24. Qa2 Rxa4 25. Qxa4 b5 26. cxb5 Nxd5 27. Qa6
Qb8 28. Qc6 N7b6 29. Bxb6 Nxb6 30. Nc4 Nxc4 31. Bxc4 Kf8 32. b6 Bd8 33. Qd5 1-0

[Event "XXX Belgrade Trophy"]
[Site "Belgrade SRB"]
[Date "2016.12.02"]
[Round "9.13"]
[White "Bujisic, V."]
[Black "Ermenkov, Evgenij P"]
[Result "1-0"]
[WhiteElo "2206"]
[BlackElo "2411"]
[PlyCount "103"]
[EventDate "2016.11.24"]
[SourceTitle "OM OTB B 201907"]
[Source "Opening Master"]
[SourceDate "2019.07.06"]
[SourceVersion "2"]
[SourceVersionDate "2019.07.06"]
[SourceQuality "1"]

1. e4 c5 2. Nf3 d6 3. d4 cxd4 4. Nxd4 Nf6 5. Nc3 Nc6 6. Be2 e5 7. Nb3 Be7 8.
O-O O-O 9. Be3 Be6 10. f4 exf4 11. Rxf4 Nd7 12. Rf2 Nde5 13. Nd5 Bg5 14. Qd2
Bxe3 15. Nxe3 Qb6 16. Nd5 Bxd5 17. exd5 Ne7 18. c4 Rfc8 19. Rc1 a6 20. Kf1 Re8
21. Nd4 Rac8 22. Rc2 Qc7 23. b3 Qb6 24. Rc3 Qa5 25. Rd3 Qa3 26. Rg3 g6 27. Kg1
Qc5 28. a4 Qa3 29. h4 Nxc4 30. Bxc4 Rxc4 31. Nc2 Rxc2 32. Qxc2 Qa1+ 33. Rf1
Qd4+ 34. Qf2 Qxd5 35. Rd3 Qf5 36. Rxd6 Qxf2+ 37. Rxf2 Nf5 38. Rd7 b5 39. a5 h5
40. Ra7 Re6 41. Rb7 Re1+ 42. Rf1 Re4 43. Rb6 Rxh4 44. Rxa6 Rb4 45. Rb1 Rd4 46.
Rb6 Rd2 47. Ra1 Nh4 48. a6 Rxg2+ 49. Kh1 Rf2 50. a7 Nf3 51. a8=Q+ Kg7 52. Ra2
1-0

[Event "XXX Belgrade Trophy"]
[Site "Belgrade SRB"]
[Date "2016.11.26"]
[Round "3.33"]
[White "Ristic, SB."]
[Black "Ivic, Velimir"]
[Result "0-1"]
[WhiteElo "2016"]
[BlackElo "2245"]
[PlyCount "50"]
[EventDate "2016.11.24"]
[SourceTitle "OM OTB B 201907"]
[Source "Opening Master"]
[SourceDate "2019.07.06"]
[SourceVersion "2"]
[SourceVersionDate "2019.07.06"]
[SourceQuality "1"]

1. e4 c5 2. Nf3 d6 3. d4 cxd4 4. Nxd4 Nf6 5. Nc3 Nc6 6. Be2 e5 7. Nb3 Be7 8.
Be3 O-O 9. g4 d5 10. exd5 Nb4 11. d6 Bxd6 12. a3 Nbd5 13. g5 Nxc3 14. bxc3 Ne4
15. Bd3 Nxc3 16. Qh5 e4 17. Bf1 Nd5 18. Rd1 Nxe3 19. fxe3 Qb6 20. Nd4 Bxa3 21.
Rg1 Bc5 22. h4 Bxd4 23. exd4 Bf5 24. Qe2 e3 25. Bg2 Rac8 0-1

[Event "FICS rated blitz game"]
[Site "FICS freechess.org"]
[Date "2016.11.26"]
[Round "?"]
[White "rasecm"]
[Black "Lurking"]
[Result "0-1"]
[WhiteElo "2439"]
[BlackElo "2589"]
[PlyCount "128"]
[EventDate "2016.??.??"]
[EventType "blitz"]

1. e4 c5 2. Nf3 d6 3. d4 cxd4 4. Nxd4 Nf6 5. Nc3 Nc6 6. Be2 e5 7. Nb3 h6 8. Be3
Be7 9. f3 O-O 10. O-O a5 11. a3 a4 12. Nc1 Ra5 13. Bc4 Qc7 14. Nb5 Qd8 15. b4
axb3 16. Nxb3 Ra6 17. Rb1 Ra4 18. Qd3 Bd7 19. Nd2 Qb8 20. Bb6 Na5 21. Ba2 Rc8
22. Rb2 Kf8 23. Rfb1 Rc6 24. Be3 Rc8 25. Bb6 Rc6 26. Bf2 Rc8 27. Na7 Rc7 28.
Kh1 d5 29. Bxd5 Bxa3 30. Ra2 Be7 31. Bb6 Nxd5 32. Rxa4 Nf4 33. Bxc7 Qxc7 34.
Nb5 Nxd3 35. Nxc7 Nf2+ 36. Kg1 Bxa4 37. Kxf2 Bd8 38. Nd5 Bxc2 39. Ra1 Bd3 40.
Rc1 f6 41. Rc8 Ke8 42. Rb8 h5 43. Ke3 Bc2 44. Nb6 Ke7 45. Nbc4 Bc7 46. Rg8
Nxc4+ 47. Nxc4 g5 48. Kd2 Ba4 49. Rg7+ Kd8 50. Rf7 b5 51. Nb2 Ba5+ 52. Kd3 Bb3
53. Rxf6 g4 54. Rf5 gxf3 55. gxf3 Bc7 56. Kc3 Be6 57. Rxh5 Bf7 58. Rg5 Ke7 59.
Nd3 Kf6 60. Rf5+ Ke6 61. h4 Bg6 62. Nc5+ Ke7 63. Rg5 Be8 64. h5 Kf6 0-1

[Event "World Senior 65+ 2016"]
[Site "Marianske Lazne CZE"]
[Date "2016.11.20"]
[Round "2.124"]
[White "Horak, Mir2"]
[Black "Belokopyt, B."]
[Result "1-0"]
[WhiteElo "1686"]
[BlackElo "1898"]
[PlyCount "127"]
[EventDate "2016.11.19"]
[SourceTitle "OM OTB B 201907"]
[Source "Opening Master"]
[SourceDate "2019.07.06"]
[SourceVersion "2"]
[SourceVersionDate "2019.07.06"]
[SourceQuality "1"]

1. e4 c5 2. Nf3 Nc6 3. d4 cxd4 4. Nxd4 d6 5. Nc3 Nf6 6. Be2 e5 7. Nf3 Be7 8.
Bg5 O-O 9. Bxf6 Bxf6 10. Nd5 Be6 11. Nxf6+ Qxf6 12. Qxd6 Qg6 13. O-O Qxe4 14.
Bd3 Qf4 15. Rfe1 Rad8 16. Qc5 Rd5 17. Qe3 Qxe3 18. Rxe3 f6 19. Bc4 Rd6 20.
Bxe6+ Rxe6 21. Rd1 Rc8 22. c3 Kf7 23. Ne1 Re7 24. Red3 Rcc7 25. f3 e4 26. fxe4
Rxe4 27. Nf3 Rce7 28. Rd7 Re2 29. Rxe7+ Kxe7 30. Rd2 Rxd2 31. Nxd2 Ne5 32. Kf1
Kd6 33. Ke2 Kd5 34. Nf3 Nxf3 35. Kxf3 Ke5 36. a4 h5 37. b3 g5 38. Ke3 f5 39. g3
g4 40. b4 f4+ 41. gxf4+ Kf5 42. c4 h4 43. c5 h3 44. Kf2 Kxf4 45. b5 Ke5 46. c6
bxc6 47. bxc6 Kd6 48. c7 Kxc7 49. Kg3 Kd6 50. Kxg4 Ke5 51. Kxh3 Kf4 52. Kg2 Kg4
53. h3+ Kh4 54. Kh2 Kh5 55. a5 Kh4 56. a6 Kh5 57. Kg3 Kg5 58. Kf3 Kh4 59. Ke4
Kxh3 60. Kd5 Kg4 61. Kc6 Kf5 62. Kb7 Ke6 63. Kxa7 Kd7 64. Kb7 1-0

[Event "World Senior 50+ 2016"]
[Site "Marianske Lazne CZE"]
[Date "2016.11.19"]
[Round "1.69"]
[White "Privoznik, Lubos"]
[Black "Gollain, M."]
[Result "0-1"]
[WhiteElo "1652"]
[BlackElo "2097"]
[PlyCount "44"]
[EventDate "2016.11.19"]
[SourceTitle "OM OTB B 201907"]
[Source "Opening Master"]
[SourceDate "2019.07.06"]
[SourceVersion "2"]
[SourceVersionDate "2019.07.06"]
[SourceQuality "1"]

1. e4 c5 2. Ne2 Nc6 3. d4 cxd4 4. Nxd4 Nf6 5. Nc3 d6 6. Be2 e5 7. Nb3 a5 8. Bg5
a4 9. Nd2 Be6 10. a3 Be7 11. Bc4 O-O 12. Bxe6 fxe6 13. Nf3 Qb6 14. Rb1 Ng4 15.
Be3 Nxe3 16. fxe3 Qxe3+ 17. Qe2 Qc5 18. Qd2 Nd4 19. Nxd4 exd4 20. Nd1 Rac8 21.
c3 Bf6 22. Rc1 Bg5 0-1

[Event "Liptovsky Jan SVK, Relax Open 2016"]
[Site "Liptovsky Jan SVK"]
[Date "2016.11.14"]
[Round "2.2"]
[White "Jurcisin, Imrich"]
[Black "Sarkozy, Ladislav"]
[Result "0-1"]
[WhiteElo "2009"]
[BlackElo "2269"]
[PlyCount "56"]
[EventDate "2016.11.13"]
[EventType "swiss"]
[EventRounds "7"]
[EventCountry "SVK"]
[SourceTitle "OM OTB B 201907"]
[Source "Opening Master"]
[SourceDate "2019.07.06"]
[SourceVersion "2"]
[SourceVersionDate "2019.07.06"]
[SourceQuality "1"]

1. e4 c5 2. Nf3 d6 3. d4 cxd4 4. Nxd4 Nf6 5. Nc3 Nc6 6. Be2 e5 7. Nb3 Be7 8.
O-O O-O 9. f4 a5 10. a4 Qb6+ 11. Kh1 Nb4 12. Nd5 Nfxd5 13. exd5 Bf5 14. c3 Bc2
15. Qd2 Bxb3 16. cxb4 Qxb4 17. Qxb4 axb4 18. Bb5 Bxd5 19. Bd2 b3 20. Bb4 exf4
21. Rad1 Be6 22. Rxf4 Rfd8 23. Rfd4 Bf6 24. R4d2 d5 25. Bc3 Bxc3 26. bxc3 Rdc8
27. Rc1 Bf5 28. Rd4 b2 0-1

[Event "Novi Sad SER, Open Ch 2016"]
[Site "Novi Sad SER"]
[Date "2016.11.13"]
[Round "9.27"]
[White "Maksimovic, Bojan"]
[Black "Dimic, Pavle"]
[Result "1/2-1/2"]
[WhiteElo "2215"]
[BlackElo "2348"]
[PlyCount "48"]
[EventDate "2016.11.06"]
[EventType "swiss"]
[EventRounds "9"]
[EventCountry "SRB"]
[SourceTitle "OM OTB B 201907"]
[Source "Opening Master"]
[SourceDate "2019.07.06"]
[SourceVersion "2"]
[SourceVersionDate "2019.07.06"]
[SourceQuality "1"]

1. e4 c5 2. Nf3 Nc6 3. d4 cxd4 4. Nxd4 Nf6 5. Nc3 d6 6. Be2 e5 7. Nb3 Be7 8.
Bg5 O-O 9. Qd3 Be6 10. Bxf6 Bxf6 11. O-O-O Be7 12. Nd5 Bg5+ 13. Kb1 f5 14. f3
Qd7 15. c3 Rad8 16. Nd2 Ne7 17. Nxe7+ Qxe7 18. c4 b5 19. Qc2 fxe4 20. Nxe4 Be3
21. Nc3 bxc4 22. Nd5 Bxd5 23. Rxd5 Bd4 24. Bxc4 Kh8 1/2-1/2

[Event "HUN-chT U18"]
[Site "Hajduboszormeny"]
[Date "2016.11.06"]
[Round "8.15"]
[White "Arvai, Eszter"]
[Black "Laza, Szabolcs"]
[Result "0-1"]
[WhiteElo "2035"]
[BlackElo "2176"]
[PlyCount "48"]
[EventDate "2016.11.02"]
[EventType "team-swiss"]
[EventRounds "8"]
[EventCountry "HUN"]
[SourceTitle "OM OTB B 201907"]
[Source "Opening Master"]
[SourceDate "2019.07.06"]
[SourceVersion "2"]
[SourceVersionDate "2019.07.06"]
[SourceQuality "1"]

1. e4 c5 2. Nf3 Nc6 3. d4 cxd4 4. Nxd4 Nf6 5. Nc3 d6 6. Be2 e5 7. Nb3 Be7 8.
Bg5 Be6 9. O-O a5 10. Bxf6 Bxf6 11. Nb5 Be7 12. Qd2 a4 13. Nc1 O-O 14. Rd1 Qb6
15. c4 Na5 16. Na3 Rac8 17. b3 f5 18. exf5 Bxf5 19. Qb2 d5 20. cxd5 Bc5 21. Nb5
Bd7 22. bxa4 Rxf2 23. Kh1 Bh3 24. Rg1 Qg6 0-1

[Event "Lund Lask op"]
[Site "Lund"]
[Date "2016.11.01"]
[Round "4"]
[White "Friberg, Lennart"]
[Black "Agovic, Seifo"]
[Result "1-0"]
[WhiteElo "2013"]
[BlackElo "1799"]
[PlyCount "82"]
[EventDate "2016.10.04"]
[EventType "swiss"]
[EventRounds "7"]
[EventCountry "SWE"]
[SourceTitle "OM OTB B 201907"]
[Source "Opening Master"]
[SourceDate "2019.07.06"]
[SourceVersion "2"]
[SourceVersionDate "2019.07.06"]
[SourceQuality "1"]

1. e4 c5 2. Nf3 Nc6 3. d4 cxd4 4. Nxd4 Nf6 5. Nc3 d6 6. Be2 e5 7. Nb3 Be7 8.
O-O O-O 9. Be3 Be6 10. Bf3 a6 11. a4 b6 12. h3 Rb8 13. Nd5 Nd7 14. Nxe7+ Qxe7
15. Qe2 a5 16. Nc1 f5 17. exf5 Bxf5 18. Bxc6 Rfc8 19. Bd5+ Kh8 20. c3 Nf6 21.
Rd1 Rf8 22. Qd2 Qd7 23. Ne2 b5 24. Ng3 Bg6 25. b3 Ne8 26. axb5 Rxb5 27. Bc4 Rb7
28. Rxa5 Bf7 29. Bxf7 Qxf7 30. b4 Qc4 31. Qd5 Qc7 32. Ne4 Nf6 33. Nxf6 Rxf6 34.
Ra8+ Rb8 35. Qc6 Qd8 36. Bb6 Qf8 37. Rxb8 Qxb8 38. Bc7 Qc8 39. Rxd6 Rf8 40. Qd7
Qb7 41. Qe7 h6 1-0

[Event "FICS rated standard game"]
[Site "FICS freechess.org"]
[Date "2016.10.29"]
[Round "?"]
[White "Austinte"]
[Black "FraLav"]
[Result "1/2-1/2"]
[WhiteElo "2009"]
[BlackElo "2042"]
[PlyCount "109"]
[EventDate "2016.??.??"]

1. e4 c5 2. Nf3 d6 3. d4 cxd4 4. Nxd4 Nf6 5. Nc3 Nc6 6. Be2 e5 7. Nb3 Be7 8.
Be3 O-O 9. O-O Be6 10. f3 a5 11. Nd2 d5 12. exd5 Nxd5 13. Nxd5 Bxd5 14. Nc4
Bxc4 15. Bxc4 Qc7 16. Bb5 Nd4 17. Bd3 Rfd8 18. Qc1 Rac8 19. Bxd4 Rxd4 20. Kh1
h6 21. Qe3 Bg5 22. Qe2 Rcd8 23. Rfe1 Bf6 24. Rad1 Qb6 25. c3 R4d5 26. b3 Qd6
27. Bc2 Rd2 28. Rxd2 Qxd2 29. Qe4 g6 30. c4 Rd4 31. Qe2 Qc3 32. Rd1 Kg7 33.
Rxd4 exd4 34. h3 Qb2 35. Bd3 Qc3 36. Kh2 Bg5 37. Kg3 Be3 38. Be4 Qb4 39. f4 Qd6
40. Qf3 b6 41. Kh2 Bxf4+ 42. g3 Be3 43. Bd5 Qe7 44. Kg2 h5 45. g4 h4 46. Qe4
Qf6 47. Qf3 Bf4 48. Be4 g5 49. Bf5 Qe5 50. Qe4 Qf6 51. Qd3 Be3 52. Qe4 Qd6 53.
Qf3 Qa3 54. Qe2 Qc1 55. Kf3 1/2-1/2

[Event "Mersin TUR, Open 2016"]
[Site "Mersin TUR"]
[Date "2016.10.25"]
[Round "4.23"]
[White "Usun, Tolga"]
[Black "Kalemler, Kaan"]
[Result "0-1"]
[WhiteElo "2063"]
[BlackElo "1829"]
[PlyCount "90"]
[EventDate "2016.10.23"]
[EventType "swiss"]
[EventRounds "9"]
[EventCountry "TUR"]
[SourceTitle "OM OTB B 201907"]
[Source "Opening Master"]
[SourceDate "2019.07.06"]
[SourceVersion "2"]
[SourceVersionDate "2019.07.06"]
[SourceQuality "1"]

1. e4 c5 2. Nc3 d6 3. Nge2 Nc6 4. d4 cxd4 5. Nxd4 Nf6 6. Be2 e5 7. Nb3 h6 8.
O-O Be7 9. Kh1 Be6 10. f4 exf4 11. Bxf4 O-O 12. Qe1 Ne5 13. Rd1 Ng6 14. e5 Ng4
15. exd6 Bh4 16. g3 Bg5 17. Nd4 Re8 18. Bxg5 Qxg5 19. Qd2 Ne3 20. Bb5 Bd5+ 21.
Kg1 Re5 22. Rde1 Nxf1 23. Qxg5 hxg5 24. Rxe5 Nxe5 25. Nxd5 Nd2 26. Nf5 Rd8 27.
Nde7+ Kf8 28. c4 Ndxc4 29. d7 g6 30. Nxg6+ fxg6 31. Nh6 Kg7 32. Bxc4 Nxc4 33.
Ng4 Rxd7 34. b3 Na3 35. b4 Rd4 36. Ne3 Rxb4 37. Kg2 g4 38. h3 Rb2+ 39. Kh1 gxh3
40. g4 Rxa2 41. g5 Nc2 42. Ng4 Nd4 43. Ne3 Nf3 44. Nc2 h2 45. Ne1 Ra1 0-1

[Event "Dhaka BAN, 42nd National B Ch"]
[Site "Dhaka BAN"]
[Date "2016.10.24"]
[Round "5.5"]
[White "Ahmed, Shafiq"]
[Black "Islam, Mohammad Aminul"]
[Result "1-0"]
[WhiteElo "2124"]
[BlackElo "2155"]
[PlyCount "81"]
[EventDate "2016.10.20"]
[EventType "swiss"]
[EventRounds "11"]
[EventCountry "BAN"]
[SourceTitle "OM OTB B 201907"]
[Source "Opening Master"]
[SourceDate "2019.07.06"]
[SourceVersion "2"]
[SourceVersionDate "2019.07.06"]
[SourceQuality "1"]

1. e4 c5 2. Nf3 d6 3. d4 cxd4 4. Nxd4 Nf6 5. Nc3 Nc6 6. Be2 e5 7. Nf3 h6 8. Bc4
Be7 9. O-O O-O 10. a3 Be6 11. Qe2 Rc8 12. Nd5 Bxd5 13. exd5 Na5 14. Ba2 Qc7 15.
c3 a6 16. b4 Nc4 17. Nd2 b5 18. Nxc4 bxc4 19. Rd1 Nd7 20. Bb1 f5 21. Qh5 f4 22.
Bf5 Rf6 23. Qg4 Rd8 24. g3 fxg3 25. hxg3 Kh8 26. Be3 Nf8 27. Qh3 Nh7 28. Ra2
Rdf8 29. Be4 R6f7 30. f4 exf4 31. gxf4 Bf6 32. Rg2 Bxc3 33. Rc1 Nf6 34. Bf3 Re7
35. Rxc3 Rxe3 36. Rxe3 Qa7 37. Rge2 Re8 38. Kf2 c3 39. Qf5 Qd4 40. Qd3 Ng4+ 41.
Bxg4 1-0

[Event "St Petersburg RUS, Chigorin Mem 2016 "]
[Site "St Petersburg RUS"]
[Date "2016.10.23"]
[Round "9.118"]
[White "Veselov, Andrey"]
[Black "Shinkevich, Maksim"]
[Result "1-0"]
[WhiteElo "2122"]
[BlackElo "1938"]
[PlyCount "81"]
[EventDate "2016.10.15"]
[EventType "swiss"]
[EventRounds "9"]
[EventCountry "RUS"]
[SourceTitle "OM OTB B 201907"]
[Source "Opening Master"]
[SourceDate "2019.07.06"]
[SourceVersion "2"]
[SourceVersionDate "2019.07.06"]
[SourceQuality "1"]

1. e4 c5 2. Nf3 Nc6 3. Nc3 d6 4. d4 cxd4 5. Nxd4 Nf6 6. Be2 e5 7. Nb3 Be7 8.
Be3 O-O 9. Qd2 Be6 10. O-O-O a5 11. Kb1 a4 12. Nc1 Na5 13. f3 Nc4 14. Bxc4 Bxc4
15. g4 Qa5 16. g5 Nd7 17. Nd5 Bd8 18. b3 axb3 19. cxb3 Bb5 20. Qxa5 Rxa5 21.
Nc3 Be7 22. b4 Ra3 23. Kb2 Rfa8 24. Nb3 Bc4 25. Na5 R3xa5 26. bxa5 Rxa5 27. a4
Nf8 28. Bb6 Ra6 29. a5 Nd7 30. Na4 Be2 31. Rc1 Bxg5 32. Rc8+ Nf8 33. Nc3 Bxf3
34. Rf1 Bg2 35. Rg1 Bh3 36. Rb8 Bh4 37. Nd5 f5 38. Rxb7 Ng6 39. exf5 Bxf5 40.
Rb8+ Kf7 41. Nc7 1-0

[Event "Dhaka BAN, 42nd National B Ch"]
[Site "Dhaka BAN"]
[Date "2016.10.22"]
[Round "3.15"]
[White "Ahmed, Shafiq"]
[Black "Zia, Tahsin Tajwar"]
[Result "1-0"]
[WhiteElo "2124"]
[BlackElo "1641"]
[PlyCount "83"]
[EventDate "2016.10.20"]
[EventType "swiss"]
[EventRounds "11"]
[EventCountry "BAN"]
[SourceTitle "OM OTB B 201907"]
[Source "Opening Master"]
[SourceDate "2019.07.06"]
[SourceVersion "2"]
[SourceVersionDate "2019.07.06"]
[SourceQuality "1"]

1. e4 c5 2. Nf3 Nc6 3. d4 cxd4 4. Nxd4 Nf6 5. Nc3 d6 6. Be2 e5 7. Nf3 h6 8. Bc4
Be7 9. O-O O-O 10. a3 a6 11. Re1 Bg4 12. Be3 Qc7 13. Ba2 b5 14. h3 Bh5 15. g4
Bg6 16. Nd5 Nxd5 17. Bxd5 Rac8 18. g5 hxg5 19. Nxg5 Bxg5 20. Bxg5 Ne7 21. Bb3
Nc6 22. c3 Na5 23. Bd5 Nc4 24. Qg4 Nb6 25. Ba2 Nc4 26. Bc1 Qe7 27. b3 Nb6 28.
Be3 Nd7 29. b4 Nf6 30. Qxg6 Rxc3 31. Bg5 Rxh3 32. Bxf6 Qxf6 33. Qxf6 gxf6 34.
Bd5 Kg7 35. Kg2 Rfh8 36. Rh1 R3h4 37. Rxh4 Rxh4 38. Rc1 Rg4+ 39. Kf3 Rf4+ 40.
Ke3 Rh4 41. Rc7 Rh3+ 42. f3 1-0

[Event "FICS unrated blitz game"]
[Site "FICS freechess.org"]
[Date "2016.10.21"]
[Round "?"]
[White "zerowin"]
[Black "oldman"]
[Result "1/2-1/2"]
[WhiteElo "2668"]
[BlackElo "2389"]
[PlyCount "103"]
[EventDate "2016.??.??"]
[EventType "blitz"]

1. e4 c5 2. Nf3 d6 3. d4 cxd4 4. Nxd4 Nf6 5. Nc3 Nc6 6. Be2 e5 7. Nf3 h6 8. O-O
Be7 9. Re1 O-O 10. h3 Be6 11. Bf1 Nb8 12. a4 Qc7 13. a5 Rc8 14. Re3 Nc6 15. Qd2
Nb8 16. b3 Nbd7 17. Qd1 a6 18. Bb2 Rd8 19. Nd5 Nxd5 20. exd5 Bf5 21. c4 Bg6 22.
b4 Re8 23. Qb3 Rac8 24. Qa4 Qd8 25. Qb3 e4 26. Nd4 Bg5 27. Ree1 Ne5 28. Bc1 Qf6
29. Bxg5 hxg5 30. Nc2 Qf4 31. Ne3 f5 32. c5 g4 33. Nc4 gxh3 34. Nxd6 Ng4 35.
Qxh3 Qxf2+ 36. Kh1 Qf4 37. Kg1 Qd2 38. Qg3 Qxb4 39. c6 bxc6 40. Nxc8 Rxc8 41.
Bxa6 Qc5+ 42. Kf1 Ra8 43. Rec1 Qa7 44. Rxc6 Qd4 45. Rac1 Be8 46. Bc8 Bxc6 47.
Be6+ Kh7 48. dxc6 Ne3+ 49. Kg1 Ng4+ 50. Kf1 Ne3+ 51. Kg1 Ng4+ 52. Kf1 1/2-1/2

[Event "Batumi GEO, World Ch  U12 (g)"]
[Site "Batumi GEO"]
[Date "2016.10.19"]
[Round "1.10"]
[White "Juhasz, Judit"]
[Black "Misiuk, Emilija"]
[Result "1-0"]
[WhiteElo "1896"]
[BlackElo "1492"]
[PlyCount "57"]
[EventDate "2016.10.19"]
[EventType "swiss"]
[EventRounds "11"]
[EventCountry "GEO"]
[SourceTitle "OM OTB B 201907"]
[Source "Opening Master"]
[SourceDate "2019.07.06"]
[SourceVersion "2"]
[SourceVersionDate "2019.07.06"]
[SourceQuality "1"]

1. e4 c5 2. Nf3 Nc6 3. d4 cxd4 4. Nxd4 Nf6 5. Nc3 d6 6. Be2 e5 7. Nb3 Be7 8.
O-O O-O 9. Kh1 Be6 10. f4 exf4 11. Bxf4 d5 12. e5 Nd7 13. Nxd5 Ncxe5 14. Nxe7+
Qxe7 15. Nd4 Bd5 16. Nf5 Qe6 17. Bxe5 Qxe5 18. Qxd5 Qxd5 19. Ne7+ Kh8 20. Nxd5
Ne5 21. Rad1 Rac8 22. c3 Rfe8 23. Bb5 Red8 24. Ne7 Rxd1 25. Rxd1 Rf8 26. Rd5
Ng4 27. Rd7 a6 28. Be2 Nf6 29. Rxb7 1-0